02774cam a2200421 i 45000010009000000050017000090080041000260100017000670150019000840160018001030200026001210200023001470350024001700400082001940420014002760430012002900500025003020820023003272450135003502640034004852640011005193000028005303360026005583370028005843380027006125051131006396500046017706500044018166500070018606500050019306510072019807000035020527000042020879060045021299420028021749990019022029520131022211773919020221220133958.0130515r20132005enk b 001 0 eng d a 2013409072 aGBB1375722bnb7 a0157767802Uk a9781848858664q(pbk.) a1848858663q(pbk.) a(OCoLC)ocn832570809 aStDuBDSbengcCUDdUKMGBdOCLCOdBDXdWEAdTOHdOCLCFdOCLCQdYDXCPdDLCerda alccopycat aar-----00aDS247.A138bM66 201304a320.150953,MON22200aMonarchies and nations :bglobalisation and identity in the Arab states of the Gulf / cedited by Paul Dresch and James Piscatori. 1aLondon :bI.B. Tauris,c2013. 4c©2013 avii, 311 pages ;c24 cm atextbtxt2rdacontent aunmediatedbn2rdamedia avolumebnc2rdacarrier0 aIntroduction : societies, identities and global issues / Paul Dresch (Page-1), Channels of interaction : the role of Gulf-owned media firms in globalisation / Naomi Sakr (Page-34), Dialect and national identity : the cultural politics of self-representation in Bahraini Musalsalāt / Clive Holes (Page-52), Cultural construction, the Gulf and Arab London / Christa Salamandra (Page-73), Transnational connections and national identity : Zanzibari Omanis in Muscat / Madawi Al-Rasheed (Page-96), Neither autocracy nor democracy but ethnocracy : citizens, expatriates and the socio-political system in Kuwait / Anh Nga Longva (Page-114), Debates on marriage and nationality in the United Arab Emirates / Paul Dresch (Page-136), Public order and authority : policing Kuwait / Jill Crystal (Page-158), Gender, religious knowledge and education in Oman / Mandana E. Limbert (Page-182), Political actors without the franchise : women and politics in Kuwait / Haya al-Mughni, Mary Ann Tétreault (Page-203), Managing God's guests : the pilgrimage, Saudi Arabia and the politics of legitimacy / James Piscatori (Page-222). 0aNationalismzPersian Gulf States.9105378 0aNational characteristics, Arab.9105379 7aNational characteristics, Arab.2fast0(OCoLC)fst010333549105379 7aNationalism.2fast0(OCoLC)fst01033832932070 7aMiddle EastzPersian Gulf States.2fast0(OCoLC)fst0124435091053801 aDresch, Paul,eeditor.91053811 aPiscatori, James P.,eeditor.9105382 a7bcbcccopycatd2encipf20gy-gencatlg 2ddccBKk320.150953,MON c592744d592744 00102ddc4070aMCSbMCScGENd2022-12-20l0o320.150953,MONpMCS37669r2022-12-20w2022-12-20yBKzAlmirah No.49, Shelf No.4